[Event "Asian Continental 2012"]
[Site "Ho Chi Minh City VIE"]
[Date "2012.05.11"]
[Round "7.6"]
[White "Yu Ruiyuan"]
[Black "Ni Hua"]
[Result "1/2-1/2"]
[WhiteElo "2511"]
[BlackElo "2673"]

1.e4 c5 2.Nf3 Nc6 3.d4 cxd4 4.Nxd4 Qb6 5.Nb3 Nf6 6.Bd3 g6 7.c4 Bg7 8.Nc3 d6
9.Be3 Qd8 10.f3 O-O 11.O-O b6 12.Rc1 Bb7 13.Qd2 Rc8 14.Be2 Ne5 15.Nd5 Ba6
16.Nxf6+ Bxf6 17.Qb4 Qc7 18.Nd4 Qc5 19.Qd2 Qc7 20.b3 Rfd8 21.Rfd1 Qd7 22.Nb5 Bxb5
23.cxb5 Rxc1 24.Rxc1 Rc8 25.a4 Qe6 26.Rc2 Rxc2 27.Qxc2 Nd7 28.a5 Kg7 29.f4 Nc5
30.Bc4 Qc8 31.Bd5 e6 32.Bc6 e5 33.fxe5 Bxe5 34.b4 Ne6 35.axb6 axb6 36.Bxb6 Nd4
37.Qd3 Nxc6 38.bxc6 Qxc6 39.Be3 Qa4 40.b5 f5 41.exf5 gxf5 42.g3 Qa1+ 43.Kg2 Qa8+
44.Kg1 Qa1+ 45.Qf1 Qc3 46.Qc1 Qb4 47.b6  1/2-1/2

[Event "Asian Continental 2012"]
[Site "Ho Chi Minh City VIE"]
[Date "2012.05.13"]
[Round "9.4"]
[White "Nguyen Ngoc Truong Son"]
[Black "Ni Hua"]
[Result "1/2-1/2"]
[WhiteElo "2656"]
[BlackElo "2673"]

1.d4 d5 2.c4 c6 3.Nf3 Nf6 4.e3 a6 5.Bd3 Bg4 6.Nbd2 e6 7.Qc2 dxc4 8.Nxc4 Bxf3
9.gxf3 c5 10.dxc5 Bxc5 11.Be4 Nxe4 12.Qxe4 Qd5 13.Qxd5 exd5 14.Na5 Nc6 15.Bd2 Nxa5
16.Bxa5 Ke7 17.Ke2 Ke6 18.Rhd1 b6 19.Bc3 f6 20.Rd3 Rhd8 21.Rad1 Rd7 22.f4 Rad8
23.a3 a5 24.a4 g5 25.fxg5 fxg5 26.Rg1 h6 27.Bd4 Rc8 28.f4 Bxd4 29.Rxd4 Rc2+
30.Kd3 Rxh2 31.fxg5 hxg5 32.Rxg5 Rxb2 33.Rg6+ Ke5 34.Rg5+ Ke6 35.Rg6+ Ke5
36.Rg5+  1/2-1/2

[Event "TCh-CHN 2012"]
[Site "Taizhou CHN"]
[Date "2012.06.28"]
[Round "6"]
[White "Lu Shanglei"]
[Black "Ni Hua"]
[Result "0-1"]
[WhiteElo "2514"]
[BlackElo "2637"]

1.e4 e5 2.Nc3 Nf6 3.f4 d5 4.d3 d4 5.Nce2 Nc6 6.Nf3 Bg4 7.fxe5 Nh5 8.Neg1 Nxe5
9.Be2 Ng6 10.Nxd4 Qh4+ 11.g3 Nxg3 12.hxg3 Qxh1 13.Be3 h5 14.Bxg4 hxg4 15.c3 Ne5
16.Qa4+ c6 17.O-O-O Qg2 18.Kb1 Bc5 19.Nf5 Bxe3 20.Nxe3 Qf2 21.Qd4 Rh2 22.c4 f6
23.Rf1 Qxg3 24.Ka1 Rd8 25.Qxa7 Nxd3 26.Nf5 Qe5 27.Nxg7+ Kf8  0-1

[Event "TCh-CHN 2012"]
[Site "Tianjin CHN"]
[Date "2012.07.13"]
[Round "9"]
[White "Ni Hua"]
[Black "Li Chao2"]
[Result "1/2-1/2"]
[WhiteElo "2637"]
[BlackElo "2703"]

1.e4 e5 2.Nf3 Nf6 3.d4 Nxe4 4.Bd3 d5 5.Nxe5 Nd7 6.Nxd7 Bxd7 7.Nc3 Nxc3 8.bxc3 Bd6
9.Qh5 Be6 10.O-O Qd7 11.Bg5 Be7 12.Bxe7 Qxe7 13.Rab1 O-O-O 14.a4 a5 15.c4 dxc4
16.Be4 b6 17.Qb5 Rxd4 18.Qc6 Qd6 19.Qa8+ Kd7 20.Qxh8 Rxe4 21.Qxg7 Kc8 22.Qxh7 Qc6
23.Rbe1 Rg4 24.f3 Rg6 25.h4 Kb7 26.Re5 Qd6 27.Rg5 Rxg5 28.hxg5 Qc5+ 29.Kh2 Qxg5
30.Qe4+ Bd5 31.Qd4 Qh6+ 32.Kg1 Qe6 33.Kf2 f6 34.Rh1 Qf5 35.Rd1 c6 36.Rd2 Ka6
37.c3 Qg5 38.Rb2 c5 39.Qe3 Qh4+ 40.Kg1 f5 41.Qe8 Qf6 42.Qc8+ Bb7 43.Qc7 Qh6
44.Rb1 Qe3+ 45.Kh1 Qh6+ 46.Kg1 Qe3+ 47.Kh1 Qh6+ 48.Qh2 Qf6 49.Qf4 Qxc3 50.Qh6 Bc6
51.Qxc6 Qh8+ 52.Kg1 Qd4+ 53.Kh2 Qh4+ 54.Kg1 Qd4+ 55.Kf1 Qd3+ 56.Kf2 Qd2+
57.Kg3 Qg5+  1/2-1/2

[Event "TCh-CHN 2012"]
[Site "Tianjin CHN"]
[Date "2012.07.14"]
[Round "10"]
[White "Wang Hao"]
[Black "Ni Hua"]
[Result "1-0"]
[WhiteElo "2733"]
[BlackElo "2637"]

1.e4 e5 2.Nf3 Nc6 3.d4 exd4 4.Nxd4 Bc5 5.Nb3 Bb6 6.Nc3 Nge7 7.Qe2 O-O 8.Bg5 f6
9.Bh4 Ng6 10.Bg3 f5 11.Qc4+ Kh8 12.exf5 d5 13.Qxd5 Bxf5 14.O-O-O Qe7 15.Qc4 Nb4
16.a3 Nxc2 17.Bd3 Be6 18.Qa4 Bxb3 19.Qxb3 Nd4 20.Qd5 Rad8 21.Qh5 Qf7 22.Kb1 Nf5
23.Bc2 Nd4 24.Be4 c5 25.Nd5 Rfe8 26.f3 Ne6 27.Ne3 Nd4 28.Nd5 Ne6 29.Bh4 Nd4
30.Bg3 Ne6 31.Ne3 Nd4 32.Nd5 Ne6 33.Bh4 Rd6 34.Ne7 Rxd1+ 35.Rxd1 Nef4 36.Nxg6+ Nxg6
37.Rd6 Rxe4 38.fxe4 Qf4 39.Bg3 Qxe4+ 40.Ka1 Qxg2 41.Qf5 Ne7 42.Qf8+ Ng8 43.Rd7  1-0

[Event "TCh-CHN 2012"]
[Site "Hangzhou CHN"]
[Date "2012.09.22"]
[Round "11"]
[White "Ni Hua"]
[Black "Lin Chen"]
[Result "1-0"]
[WhiteElo "2637"]
[BlackElo "2446"]

1.e4 c5 2.Nf3 e6 3.d4 cxd4 4.Nxd4 a6 5.c4 Nf6 6.Nc3 Qc7 7.a3 b6 8.Be3 Bb7
9.f3 d6 10.Be2 Be7 11.O-O Nbd7 12.Rc1 O-O 13.b4 Rac8 14.Kh1 Qb8 15.Na4 Bd8
16.Nb3 Bc7 17.Bg1 Rfd8 18.Rc2 h6 19.Qd2 Bc6 20.Nb2 Ne5 21.Qe3 Qa8 22.Rfc1 Ng6
23.Nd4 Bb7 24.Qb3 Bb8 25.Na4 Nd7 26.Qb2 Bc7 27.Rb1 Nde5 28.Qc1 Kh7 29.Nb3 Nd7
30.c5 dxc5 31.bxc5 Bf4 32.Be3 Bxe3 33.Qxe3 b5 34.Na5 Nge5 35.Nb2 Nc6 36.Nbc4 Nxa5
37.Nxa5 Bc6 38.Rd1 Ne5 39.Rd6 Rxd6 40.cxd6 Bd7 41.Rc7 f6 42.f4 Rxc7 43.dxc7 Nc6
44.e5 f5 45.Bf3 Qe8 46.Nxc6 Bxc6 47.Qc5 Bd7 48.Bb7 Qh5 49.Qc1  1-0

[Event "TCh-CHN 2012"]
[Site "Hangzhou CHN"]
[Date "2012.10.06"]
[Round "15"]
[White "Ni Hua"]
[Black "Mu Ke"]
[Result "1-0"]
[WhiteElo "2637"]
[BlackElo "2286"]

1.e4 e6 2.d4 d5 3.e5 c5 4.c3 Nc6 5.Nf3 Bd7 6.Be2 f6 7.O-O fxe5 8.Nxe5 Nxe5
9.dxe5 Qc7 10.c4 d4 11.Bf4 O-O-O 12.b4 h6 13.Nd2 g5 14.Bg3 Ne7 15.Bg4 Nf5
16.Ne4 Bc6 17.Qd3 cxb4 18.c5 Bxe4 19.Qxe4 Nxg3 20.hxg3 Bxc5 21.Rac1 Kb8 22.Rc4 h5
23.Bf3 Rd5 24.Rfc1 b6 25.Qd3 Qxe5 26.Bxd5 Qxd5 27.Rxc5 bxc5 28.Qb5+ Qb7 29.Qxc5 Rc8
30.Qd6+ Ka8 31.Rxc8+ Qxc8 32.Qxd4 Qc1+ 33.Kh2 Qe1 34.Qd8+ Kb7 35.Qxg5 Qxf2
36.Qe7+ Kc6 37.Qxe6+ Kb5 38.Qe8+ Kb6 39.Qg6+ Kc7 40.Qxh5 Qxa2 41.Qc5+ Kd7
42.Qxb4 a5 43.Qd4+ Ke8 44.g4 a4 45.g5 Qc2 46.Qh8+ Kf7 47.Qf6+ Kg8 48.Qe6+ Kg7
49.Qe5+ Kg8 50.Qd6 Qf5 51.Qb8+ Kg7 52.Qa7+ Kg6 53.Qxa4 Qe5+ 54.Kh3 Qe3+ 55.g3 Kxg5
56.Qc6 Kh5 57.Qd5+ Kg6 58.Qg8+ Kh6 59.Qf7 Qe4 60.Qf6+ Kh5 61.Qh8+ Kg5 62.Qg7+  1-0

[Event "TCh-CHN 2012"]
[Site "Hangzhou CHN"]
[Date "2012.10.07"]
[Round "16"]
[White "Zhang Pengxiang"]
[Black "Ni Hua"]
[Result "0-1"]
[WhiteElo "2591"]
[BlackElo "2637"]

1.d4 d5 2.c4 c6 3.Nc3 e6 4.Nf3 dxc4 5.a4 Nf6 6.e3 c5 7.Bxc4 Nc6 8.O-O cxd4
9.Nxd4 Bd7 10.Nxc6 Bxc6 11.Bb5 Qc7 12.Qf3 Bd6 13.Bxc6+ Qxc6 14.Rd1 Qxf3 15.gxf3 Ke7
16.e4 a6 17.Be3 Rac8 18.Rd3 Rhd8 19.Rad1 Be5 20.Bc5+ Ke8 21.Bd4 Nd7 22.Kg2 Nc5
23.Bxc5 Rxd3 24.Rxd3 Rxc5 25.Nd1 Rc7 26.b3 Rd7 27.Rxd7 Kxd7 28.Ne3 Bb8 29.Nc2 Kc6
30.h3 g5 31.Kf1 Kd6 32.Ke2 Ke5 33.Kd3 Ba7 34.Ke2 Bb6 35.Kf1 a5 36.Ke2 Bc5
37.Kf1 f5 38.exf5 exf5 39.Kg2 h5 40.Kg3 h4+ 41.Kg2 b6 42.Kf1 Kf4 43.Ne1 Bb4
44.Nc2 Kxf3 45.Ne3 g4 46.Nxf5 gxh3 47.Nxh4+ Kg4 48.Ng6 Bd6 49.Nh8 Kf5 50.Nf7 Bc7  0-1

[Event "Fujairah Masters 2012"]
[Site "Fujairah City UAE"]
[Date "2012.11.17"]
[Round "5.7"]
[White "Ni Hua"]
[Black "Sandipan,C"]
[Result "0-1"]
[WhiteElo "2681"]
[BlackElo "2596"]

1.e4 e5 2.Nf3 Nf6 3.d4 Nxe4 4.Bd3 d5 5.Nxe5 Nd7 6.Nxd7 Bxd7 7.Nc3 Nxc3 8.bxc3 Qe7+
9.Be3 g6 10.Qf3 Bc6 11.O-O Bg7 12.Qg3 O-O 13.h4 Qd7 14.Bf4 Rac8 15.Rae1 Bb5
16.Bxb5 Qxb5 17.h5 Rfe8 18.Be5 Qd7 19.Bxg7 Kxg7 20.Qf4 f6 21.f3 c6 22.Qg3 Kf7
23.Qh4 g5 24.Qg3 Qf5 25.Qd6 Rcd8 26.Qb4 Rd7 27.Rxe8 Kxe8 28.Re1+ Kf7 29.c4 Qxc2
30.cxd5 cxd5 31.Qb5 Qc7 32.Qd3 Kg7 33.Qf5 Rd6 34.Re6 Rxe6 35.Qxe6 Qc1+ 36.Kh2 Qf4+
37.g3 Qxf3 38.g4 Kh6 39.Qc8 Qe2+ 40.Kg3 Qe7 41.a4 b6 42.Kf2 Kg7 43.Qb8 Kh6
44.Kf1 Kg7 45.Qh2 f5 46.h6+ Kf6 47.gxf5 Kxf5 48.Qc2+  0-1

[Event "5th Kolkata Open"]
[Site "Kolkata IND"]
[Date "2012.12.04"]
[Round "2"]
[White "Ni Hua"]
[Black "Kulkarni,Vikramaditya"]
[Result "1-0"]
[WhiteElo "2660"]
[BlackElo "2384"]

1.e4 e6 2.d4 d5 3.Nd2 h6 4.Ngf3 Nf6 5.e5 Nfd7 6.Bd3 b6 7.O-O a5 8.c4 dxc4
9.Be4 Ra7 10.Nxc4 Bb7 11.Bxb7 Rxb7 12.Qe2 a4 13.d5 Nc5 14.dxe6 Nxe6 15.Rd1 Qc8
16.Ne3 Ra7 17.Nf5 Qa6 18.Qc2 c5 19.Be3 Be7 20.Nd2 O-O 21.Ne4 Nc6 22.f4 a3
23.b3 Rd8 24.Rxd8+ Bxd8 25.Rd1 Nb4 26.Qd2 Qb7 27.Nfd6 Qc6 28.f5 Nf8 29.Bxh6 Nxa2
30.Bxg7 Nh7 31.f6 Nb4 32.Nf5  1-0

[Event "5th Kolkata Open"]
[Site "Kolkata IND"]
[Date "2012.12.05"]
[Round "3"]
[White "Laxman,R"]
[Black "Ni Hua"]
[Result "1/2-1/2"]
[WhiteElo "2456"]
[BlackElo "2660"]

1.Nf3 c5 2.c4 Nc6 3.Nc3 g6 4.e3 Nf6 5.d4 cxd4 6.exd4 d5 7.cxd5 Nxd5 8.Qb3 Nxc3
9.Bc4 Nd5 10.Bxd5 e6 11.Bxc6+ bxc6 12.O-O Qd5 13.Qc3 f6 14.Re1 Kf7 15.Bf4 Be7
16.Bc7 Bb7 17.Ba5 c5 18.Rad1 c4 19.Bb4 Bxb4 20.Qxb4 a5 21.Qd2 Rhd8 22.Qf4 Kg7
23.h4 Rd7 24.h5 Qf5 25.Qxf5 exf5 26.Nd2 Rc8 27.hxg6 hxg6 28.Nb1 Rcd8 29.Na3 Bd5
30.Rc1 Rb8 31.Re2 Rb4 32.Rec2 Re7 33.Nxc4 Bxc4 34.Rxc4 Rxb2 35.R1c2 Re1+
36.Kh2 Re2 37.Rxe2 Rxe2 38.Ra4 Rxf2 39.Rxa5 Rd2 40.d5 f4 41.Kg1 g5 42.a4 Rd4
43.Kf2 Kg6 44.Ke2 Kh5 45.Ra6 Rxd5 46.Rb6 Kh4 47.Rb3 g4 48.Ra3 f3+ 49.gxf3 g3
50.Ra1 Kh3 51.a5 g2 52.a6 Ra5 53.Rxa5 g1=Q 54.a7 Qg2+ 55.Ke3 Qg1+ 56.Ke2 Qg2+
57.Ke3  1/2-1/2

[Event "5th Kolkata Open"]
[Site "Kolkata IND"]
[Date "2012.12.06"]
[Round "4"]
[White "Ni Hua"]
[Black "Gagare,Shar"]
[Result "1-0"]
[WhiteElo "2660"]
[BlackElo "2381"]

1.e4 c6 2.d4 d5 3.e5 Bf5 4.Nf3 e6 5.Be2 c5 6.Be3 cxd4 7.Nxd4 Ne7 8.O-O Nbc6
9.Bb5 a6 10.Bxc6+ bxc6 11.c4 Qd7 12.Qa4 Bd3 13.Rd1 dxc4 14.Na3 Nd5 15.Nxc4 Bxc4
16.Qxc4 c5 17.Nb3 Nxe3 18.fxe3 Qb5 19.Rac1 Rc8 20.Rc2 Be7 21.Rdc1 Qxc4 22.Rxc4 Kd7
23.Nxc5+ Bxc5 24.Rxc5 Rxc5 25.Rxc5 Rb8 26.b3 h5 27.Kf2 Rb4 28.Ra5 Rb6 29.Ke2 Rc6
30.Kd3 g5 31.b4 Rc1 32.Rxa6 Rg1 33.g3 Rg2 34.b5 Rxh2 35.Ra7+ Kc8 36.a4 Ra2
37.a5 Kb8 38.Rxf7 Rxa5 39.Rg7 h4 40.Rxg5 hxg3 41.Kc4 Ra2 42.Rxg3 Kc7 43.Rg6 Re2
44.Kb4 Rb2+ 45.Ka4 Ra2+ 46.Kb3 Re2 47.Rxe6 Rxe3+  1-0

[Event "5th Kolkata Open"]
[Site "Kolkata IND"]
[Date "2012.12.08"]
[Round "6"]
[White "Ni Hua"]
[Black "Hossain,Enam"]
[Result "1/2-1/2"]
[WhiteElo "2660"]
[BlackElo "2496"]

1.e4 e6 2.d4 d5 3.e5 c5 4.c3 Nc6 5.Nf3 Qb6 6.a3 c4 7.Nbd2 Na5 8.g3 Bd7 9.h4 Ne7
10.Bh3 h6 11.O-O Qc7 12.Ne1 O-O-O 13.Ng2 Kb8 14.h5 Nc8 15.Ne3 Be7 16.Rb1 Nb6
17.Qe2 Na4 18.Nf3 Ka8 19.Nc2 Rdg8 20.Kg2 g6 21.Bg4 Nb3 22.Be3 Nb6 23.Nd2 Na5
24.Ne1 Qd8 25.Nef3 Qf8 26.Nh2 Qg7 27.Rh1 Rf8 28.Bf3 Ba4 29.Rbc1 Nc6 30.Ng4 g5
31.Qe1 f5 32.exf6 Bxf6 33.Bd1 Qh7 34.Qe2 Bg7 35.b3 cxb3 36.Nxb3 Nd7 37.Bc2 Qg8
38.Rb1 Qf7 39.Rb2 e5 40.dxe5 Ncxe5 41.Bd4 Re8 42.Qd1  1/2-1/2

[Event "5th Kolkata Open"]
[Site "Kolkata IND"]
[Date "2012.12.09"]
[Round "7"]
[White "Debashis,D"]
[Black "Ni Hua"]
[Result "1/2-1/2"]
[WhiteElo "2464"]
[BlackElo "2660"]

1.d4 Nf6 2.c4 e6 3.Nc3 Bb4 4.Qc2 O-O 5.a3 Bxc3+ 6.Qxc3 b5 7.cxb5 c6 8.f3 cxb5
9.e4 Ba6 10.Bf4 d5 11.Bc7 Qd7 12.Bxb8 b4 13.axb4 Bxf1 14.Kxf1 Rc8 15.Qd2 Raxb8
16.e5 Ne8 17.Ne2 Rc4 18.Kf2 Rcxb4 19.Ra2 Qb5 20.Rha1 Nc7 21.Rxa7 Rxb2 22.Qd1 Qc4
23.R7a4 Qb5 24.Ra7 Qb6 25.R7a2 h6 26.Rxb2 Qxb2 27.Qc1 Qb6 28.Ra3 Na6 29.Rc3 Nb4
30.Rc8+ Rxc8 31.Qxc8+ Kh7 32.Qc3 Qb5 33.h4 g6 34.Qc7 Kg7 35.Qe7 Nd3+ 36.Kg3 Nxe5
37.dxe5 Qxe2 38.Qf6+ Kg8 39.Qd8+ Kh7 40.Qf6  1/2-1/2

[Event "5th Kolkata Open"]
[Site "Kolkata IND"]
[Date "2012.12.10"]
[Round "8"]
[White "Ni Hua"]
[Black "Karavade,E"]
[Result "1-0"]
[WhiteElo "2660"]
[BlackElo "2385"]

1.e4 c5 2.Nf3 d6 3.d4 cxd4 4.Nxd4 Nf6 5.Nc3 a6 6.Be3 e5 7.Nb3 Be6 8.h3 Nbd7
9.g4 h6 10.Qd2 b5 11.O-O-O b4 12.Nd5 Bxd5 13.exd5 a5 14.Qd3 a4 15.Nd2 Be7
16.Kb1 O-O 17.Rg1 Ra5 18.g5 hxg5 19.Bxg5 e4 20.Qg3 Rxd5 21.Bh6 Nh5 22.Qg2 Nb6
23.Be2 g6 24.Bxf8 Bxf8 25.Nxe4 Nf4 26.Qf3 Nxe2 27.Nf6+ Kg7 28.Nxd5 Nxg1 29.Rxg1 Nxd5
30.Qxd5 Qf6 31.Rg4 Qxf2 32.Qd4+  1-0

[Event "Chinese Teams 2013"]
[Site "Tianjin CHN"]
[Date "2013.05.01"]
[Round "2.3"]
[White "Lin Chen"]
[Black "Ni Hua"]
[Result "0-1"]
[WhiteElo "2472"]
[BlackElo "2646"]

1.e4 e5 2.Nf3 Nc6 3.Bb5 Nf6 4.O-O Nxe4 5.Re1 Nd6 6.Nxe5 Be7 7.Bf1 Nf5 8.c3 O-O
9.d4 Nxe5 10.Rxe5 d6 11.Re1 d5 12.Nd2 Bd6 13.Nf3 Nh4 14.Nxh4 Qxh4 15.g3 Qf6
16.Qh5 Qf5 17.Qxf5 Bxf5 18.Bg2 c6 19.Bf4 Bxf4 20.gxf4 Rfe8 21.Re5 Bd7 22.Rae1 Kf8
23.h4 f6 24.Rxe8+ Bxe8 25.Bh3 a5 26.a3 a4 27.Bg4 Bg6 28.Bf3 Ra6 29.Re2 Bd3
30.Rd2 Bf5 31.Bd1 Ke7 32.f3 Kd6 33.Kf2 Ra8 34.Re2 b6 35.Ke3 c5 36.Rd2 Ra7
37.Kf2 Bb1 38.Ke3 Bf5 39.Kf2 Ke6 40.Re2+ Kf7 41.Rd2 c4 42.Bc2 Bxc2 43.Rxc2 Re7
44.f5 g5 45.Re2 Rxe2+ 46.Kxe2 Kg7 47.f4 g4  0-1

[Event "Chinese Teams 2013"]
[Site "Tianjin CHN"]
[Date "2013.05.02"]
[Round "3.4"]
[White "Ni Hua"]
[Black "Najer,E"]
[Result "1/2-1/2"]
[WhiteElo "2646"]
[BlackElo "2634"]

1.e4 e5 2.Nf3 Nc6 3.Nc3 Nf6 4.d4 exd4 5.Nxd4 Bb4 6.Nxc6 bxc6 7.Bd3 d5 8.exd5 O-O
9.O-O cxd5 10.h3 c6 11.Qf3 Rb8 12.Bf4 Bd6 13.b3 Qc7 14.Ne2 c5 15.Qg3 Bxf4
16.Qxf4 Qxf4 17.Nxf4 c4 18.Be2 Bf5 19.bxc4 dxc4 20.Bxc4 Rb4 21.Nd5 Rxc4 22.Ne7+ Kh8
23.Nxf5 Rxc2 24.Rfc1 Rd2 25.Rc7 g6 26.Ng3 a5 27.Rc6 Nd7 28.Ne4 Re2 29.Nd6 Kg8
30.Kf1 Re6 31.Nc8 Rfe8 32.Rxe6 Rxe6 33.Re1 Ne5 34.f4 Nd3 35.Rxe6 fxe6 36.g3 e5
37.fxe5 Kf7 38.Nd6+ Ke6 39.Nc4 a4 40.a3 Nc5 41.Ke2 Kd5 42.e6  1/2-1/2

[Event "4th Hainan Danzhou GM"]
[Site "Danzhou CHN"]
[Date "2013.05.28"]
[Round "8.1"]
[White "Zhou Weiqi"]
[Black "Ni Hua"]
[Result "1-0"]
[WhiteElo "2590"]
[BlackElo "2646"]

1.d4 d5 2.c4 c6 3.Nc3 Nf6 4.cxd5 cxd5 5.Bf4 Nc6 6.e3 Bf5 7.Qb3 Na5 8.Qa4+ Bd7
9.Qc2 e6 10.Bd3 Nh5 11.Be5 Nc6 12.Qe2 Nxe5 13.dxe5 g6 14.Nf3 a6 15.O-O Bc5
16.Qd2 O-O 17.e4 Bc6 18.Qh6 Be7 19.Rad1 Qb6 20.exd5 exd5 21.Ne2 Qxb2 22.Ned4 Ng7
23.Rb1 Qa3 24.Rb3 Qa4 25.Bc2 Qxa2 26.Nxc6 bxc6 27.Nd4 f5 28.Rh3 Kf7 29.e6+ Nxe6
30.Qxh7+ Ng7 31.Rh6 Bf6 32.Qxg6+ Ke7 33.Nxc6+ Kd7 34.Ne5+ Kc7 35.Nf7 Ne8
36.Bxf5 Qa3 37.Be6 Rb8 38.Rh3 Qc5 39.Qg3+  1-0

[Event "4th Hainan Danzhou GM"]
[Site "Danzhou CHN"]
[Date "2013.05.29"]
[Round "9.5"]
[White "Ni Hua"]
[Black "Yu Yangyi"]
[Result "1-0"]
[WhiteElo "2646"]
[BlackElo "2675"]

1.d4 Nf6 2.c4 e6 3.g3 c5 4.d5 exd5 5.cxd5 d6 6.Nc3 g6 7.Bg2 Bg7 8.Nf3 O-O
9.O-O Re8 10.Re1 Na6 11.Bf4 Nc7 12.a4 Ne4 13.Nxe4 Rxe4 14.Bg5 Qf8 15.Nd2 Rb4
16.b3 h6 17.Bf4 g5 18.Be3 Bxa1 19.Qxa1 Bf5 20.Nc4 Rxb3 21.Bd2 Bg6 22.Qa2 Rb4
23.e4 Re8 24.Bxb4 cxb4 25.e5 Bd3 26.Re3 Bxc4 27.Qxc4 Na6 28.e6 f5 29.Bf1 Qf6
30.Qb3 Qd4 31.Qc2 Nc5 32.Qxf5 Re7 33.Rf3 Qg7 34.Bc4 a5 35.h4 b5 36.Bxb5 b3
37.h5 Rb7 38.Kg2 b2 39.Qb1 g4 40.Re3 Kf8 41.Re2 Ke7 42.Rxb2 Nxa4 43.Bxa4 Rxb2
44.Qc1 Rxf2+ 45.Kxf2 Qd4+ 46.Kg2 Qxd5+ 47.Kh2 Qxh5+ 48.Kg1 Qe5 49.Qc7+ Kxe6
50.Qc8+ Kd5 51.Qxg4 Kc5 52.Kh2 d5 53.Qd1 Qe3 54.Qc2+ Kb4 55.Bc6 d4 56.Qa4+ Kc5
57.Qb5+ Kd6 58.Bg2 Qd2 59.Kh3 Qc3 60.Qb6+ Ke7 61.Bd5 d3 62.Qe6+ Kd8 63.Qd6+ Kc8
64.Bc6 Qg7 65.Qxd3 Kc7 66.Be4 Qg5 67.Qc4+ Kd6 68.Qd4+ Ke6 69.Bf3 Qb5 70.Qe3+ Kf7
71.Qxh6 Qf5+ 72.Kg2 Qc2+ 73.Kh3 Qf5+ 74.Bg4 Qf1+ 75.Kh4 Qh1+ 76.Bh3 Qe1 77.Qh5+ Kf6
78.Qg5+ Kf7 79.Qf4+ Kg7 80.Qd4+ Kf7 81.Bf5 Qe2 82.Bd3 Qe7+ 83.Kh5 Qa3 84.g4 Qc1
85.Qc4+  1-0

[Event "33rd Benasque Open"]
[Site "Benasque ESP"]
[Date "2013.07.12"]
[Round "9.5"]
[White "Movsziszian,K"]
[Black "Ni Hua"]
[Result "0-1"]
[WhiteElo "2499"]
[BlackElo "2661"]

1.g3 c5 2.Bg2 Nc6 3.d3 g6 4.e4 Bg7 5.f4 d6 6.Nf3 e5 7.Nc3 Nge7 8.O-O O-O
9.Be3 Bg4 10.Qd2 Nd4 11.Rf2 b5 12.Raf1 exf4 13.Bxf4 b4 14.Nd1 Bxf3 15.Bxf3 Nxf3+
16.Rxf3 d5 17.Nf2 Nc6 18.Ng4 dxe4 19.Bg5 Qd4+ 20.Be3 Qxb2 21.dxe4 Ne5 22.Nxe5 Qxe5
23.Qf2 Rac8 24.Rxf7 Qe6 25.Rf4 Rxf4 26.Qxf4 a5 27.Qg5 Qxe4 28.Rd1 h6 29.Qd5+ Qxd5
30.Rxd5 Bd4 31.Bf2 Kf7 32.Rd6 h5 33.Ra6 Rd8 34.Rxa5 Bxf2+ 35.Kxf2 Rd2+ 36.Ke3 Rxc2
37.h4 Ke6 38.Ra6+ Kd5 39.Kf4 Rc4+ 40.Kf3 Rg4 41.Rb6 Kc4 42.Rc6 Kd4 43.Re6 c4  0-1

[Event "33rd Benasque Open"]
[Site "Benasque ESP"]
[Date "2013.07.13"]
[Round "10.4"]
[White "Ni Hua"]
[Black "Guerra Mendez,J"]
[Result "1/2-1/2"]
[WhiteElo "2661"]
[BlackElo "2505"]

1.e4 e5 2.Nf3 Nc6 3.d4 exd4 4.Nxd4 Nf6 5.Nxc6 bxc6 6.e5 Qe7 7.Qe2 Nd5 8.Nd2 g6
9.Nf3 Qb4+ 10.Qd2 Rb8 11.c3 Qe4+ 12.Qe2 f5 13.Qxe4 fxe4 14.Ng5 Bg7 15.Nxe4 Bxe5
16.Bc4 Nf6 17.Nxf6+ Bxf6 18.Bb3 a5 19.Bd2 d5 20.Bf4 Bf5 21.Bxc7 Ra8 22.O-O-O Kd7
23.Bf4 a4 24.Bc2 a3 25.Bxf5+ gxf5 26.Rhe1 axb2+ 27.Kxb2 Ra4 28.Be5 Bxe5 29.Rxe5 Rha8
30.Ra1 Kd6 31.Re2 Rf4 32.a3 Rh4 33.h3 Rc4 34.Rd2 Kc5 35.Kb3 Rb8+ 36.Kc2 Ra8
37.Kb3 Rb8+ 38.Kc2 Ra8 39.Rd3 f4 40.g3 fxg3 41.fxg3 h5 42.Rf3 Rca4 43.Kd3 h4
44.g4 Rxa3 45.Rxa3 Rxa3 46.g5 Ra1 47.Ke3 Rg1 48.Kf4 Kc4 49.Kf5 c5 50.g6 d4
51.cxd4 cxd4 52.Rf4 Kc3 53.Rg4 Rxg4 54.Kxg4 d3 55.g7 d2 56.g8=Q d1=Q+ 57.Kxh4 Qd4+
58.Qg4 Qh8+ 59.Kg3 Qb8+ 60.Qf4 Qg8+ 61.Kf2 Qa2+ 62.Ke3 Qe6+ 63.Kf2 Qxh3 64.Qg3+ Qxg3+
65.Kxg3  1/2-1/2

[Event "18th Balaguer Open"]
[Site "Balaguer ESP"]
[Date "2013.07.23"]
[Round "9.2"]
[White "Ni Hua"]
[Black "Naroditsky,D"]
[Result "1/2-1/2"]
[WhiteElo "2661"]
[BlackElo "2486"]

1.e4 e5 2.Nf3 Nc6 3.Nc3 Nf6 4.d4 exd4 5.Nxd4 Bb4 6.Nxc6 bxc6 7.Bd3 O-O 8.O-O d5
9.exd5 cxd5 10.Qf3 c6 11.h3 Re8 12.Bf4 Bxc3 13.bxc3 Ne4 14.Rfe1 Qf6 15.c4 Ba6
16.Rab1 g5 17.Be3 Qxf3 18.gxf3 Nc3 19.Rb3 dxc4 20.Bxh7+ Kxh7 21.Rxc3 Re5
22.Rd1 Rd5 23.Rxd5 cxd5 24.Ra3 Bc8 25.Rxa7 Rxa7 26.Bxa7 Bxh3 27.c3 Kg6 28.a4 Kf6
29.Be3 Ke6 30.Kh2 Bf1 31.Kg3 f5 32.Bxg5 Kd6 33.Kf4 Bd3 34.Ke3 Kc6 35.Kd4 Kb6
36.Bd8+ Ka6 37.Kxd5 Be2 38.Kc5 Bd3 39.Kb4 Be2 40.Kc5  1/2-1/2

[Event "3rd Chinese Master Rapid Men"]
[Site "Shenzhen CHN"]
[Date "2013.07.30"]
[Round "1.4"]
[White "Li Chao2"]
[Black "Ni Hua"]
[Result "1-0"]
[WhiteElo "2686"]
[BlackElo "2661"]

1.d4 Nf6 2.c4 e6 3.Nc3 d5 4.cxd5 Nxd5 5.Nf3 c5 6.e4 Nxc3 7.bxc3 cxd4 8.cxd4 Bb4+
9.Bd2 Bxd2+ 10.Qxd2 O-O 11.Rc1 Nd7 12.Bd3 b6 13.O-O Bb7 14.Qf4 Qb8 15.e5 h6
16.Nd2 Bd5 17.Nc4 f6 18.Qg3 fxe5 19.Nxe5 Nf6 20.Rfe1 Qb7 21.Ng4 Nxg4 22.Rc7 Qxc7
23.Qxc7 Rac8 24.Qg3 Nxf2 25.Bb1 Rf6 26.h3 b5 27.Qa3 a6 28.Qxa6 Rc3 29.Kh2 Nxh3
30.Qa5 b4 31.Qxb4 Rc4 32.Qb8+ Rf8 33.Bh7+ Kxh7 34.Qxf8 Ng5 35.Qf2 Ne4 36.Qb2 Nd6
37.Rc1  1-0

[Event "3rd Chinese Master Rapid Men"]
[Site "Shenzhen CHN"]
[Date "2013.07.30"]
[Round "3.4"]
[White "Ni Hua"]
[Black "Yu Yangyi"]
[Result "1-0"]
[WhiteElo "2661"]
[BlackElo "2657"]

1.e4 c5 2.Nf3 d6 3.d4 cxd4 4.Qxd4 Nf6 5.Bb5+ Bd7 6.c4 g6 7.O-O Bg7 8.Nc3 O-O
9.Qd3 Nc6 10.Bxc6 Bxc6 11.Nd4 Rc8 12.Rd1 a6 13.h3 Qe8 14.Be3 b5 15.Nxc6 Qxc6
16.cxb5 axb5 17.Nxb5 Qxe4 18.a4 Rc2 19.Qb3 Rb8 20.Nxd6 Qxg2+ 21.Kxg2 Rxb3
22.Rac1 Rxc1 23.Rxc1 exd6 24.Rc8+ Bf8 25.a5 Rxb2 26.Bd4 Rb7 27.a6 Rd7 28.Bxf6 Ra7
29.Bg5 Kg7 30.Rc6 Ra8 31.Kf3 d5 32.Bf6+ Kh6 33.Ke3 Ba3 34.Bd4 Kg5 35.a7 Kh4
36.Rc7 Kxh3 37.Rxf7 h5 38.Rh7 h4 39.Kf4 Kg2 40.Kg4 g5 41.Rh8 Bf8 42.f3 Bc5
43.Rxa8 Bxd4 44.Kxg5 h3 45.Kf4 Kh2 46.Kf5 Kh1 47.Rh8 Bxa7 48.Rxh3+ Kg2 49.Rh7 Be3
50.f4 Kg3 51.Rb7 Kf3 52.Rb3 d4 53.Ke5 Ke2 54.f5 d3 55.Ke4  1-0

[Event "3rd Chinese Master Rapid Men"]
[Site "Shenzhen CHN"]
[Date "2013.07.31"]
[Round "5.3"]
[White "Ni Hua"]
[Black "Hou Yifan"]
[Result "1/2-1/2"]
[WhiteElo "2661"]
[BlackElo "2600"]

1.e4 c5 2.Nf3 e6 3.g3 Nc6 4.Bg2 Nf6 5.Qe2 d5 6.exd5 Nxd5 7.O-O g6 8.Nc3 Bg7
9.Qb5 Nb4 10.Ne1 Qb6 11.a3 Qxb5 12.Nxb5 Na6 13.c3 Ke7 14.d3 Bd7 15.Bg5+ f6
16.Be3 Rhc8 17.b4 Nd8 18.c4 Bc6 19.Rb1 Bxg2 20.Kxg2 b6 21.Nc2 Nb8 22.Rfd1 Nd7
23.Nc3 Nf7 24.Na4 Nd6 25.Bf4 g5 26.Bxd6+ Kxd6 27.d4 cxb4 28.c5+ Ke7 29.axb4 f5
30.Ne3 f4 31.gxf4 gxf4 32.Nc4 b5 33.Nd6 bxa4 34.Nxc8+ Rxc8 35.Ra1 a6 36.Rxa4 Nb8
37.d5 exd5 38.Rxd5 Ke6 39.Rd6+ Kf5 40.Kf3 Be5 41.Rh6 Nc6 42.Rh5+ Kg6 43.Kg4 Bc3
44.Rxa6 Bxb4 45.Rd5 Kf7 46.Kxf4 Ne7 47.Rh5 Kg7 48.Ra7 Kg6 49.Rg5+ Kf6 50.Ra6+ Kf7
51.Rh5 Kg7 52.Ra7 Kg6 53.Re5 Bxc5 54.Rxc5 Rxc5 55.Rxe7 Rh5 56.Kg3 Rg5+ 57.Kf3 Rh5
58.Kg2 Rg5+ 59.Kh1 Rf5 60.Re2 Ra5 61.Re3 Ra2 62.Kg2 Rb2 63.Kg3 Ra2 64.Re6+ Kf7
65.Rh6 Kg7 66.Re6 Kf7 67.Rd6 Kg7 68.h4 Ra1 69.Kg4 Rg1+ 70.Kf5 Rh1 71.Rd4 Rh2
72.f3 Kh6 73.Kg4 Rg2+ 74.Kh3 Rg1 75.Kh2 Rg6 76.Rd5 Kg7 77.Kh3 Ra6 78.Kg4 Ra1
79.Rd7+ Kh6 80.Rd6+ Kg7 81.Rd7+ Kh6 82.Rd6+ Kg7 83.f4 Rg1+ 84.Kf5 Rh1 85.Kg5 Rg1+
86.Kf5 Rh1 87.Rd7+ Kh6 88.Kf6 Rxh4 89.f5 Rh1 90.Rd2 Kh5 91.Rg2 Ra1 92.Kg7 Ra7+
93.Kg8 Ra8+ 94.Kxh7 Rf8 95.Rf2 Kg5  1/2-1/2

[Event "3rd Chinese Master Rapid Men"]
[Site "Shenzhen CHN"]
[Date "2013.08.01"]
[Round "7.2"]
[White "Ni Hua"]
[Black "Zhou Jianchao"]
[Result "1/2-1/2"]
[WhiteElo "2661"]
[BlackElo "2572"]

1.e4 c5 2.Nf3 d6 3.d4 cxd4 4.Qxd4 Nc6 5.Bb5 Bd7 6.Bxc6 Bxc6 7.c4 f5 8.exf5 Bxf3
9.gxf3 Qa5+ 10.Nc3 Qxf5 11.Qe4 Qxe4+ 12.fxe4 Rc8 13.b3 g6 14.Be3 Bg7 15.Rc1 Bxc3+
16.Rxc3 a6 17.Ke2 Nf6 18.f3 Kf7 19.Rhc1 Rc6 20.b4 Rhc8 21.a4 d5 22.c5 dxe4
23.b5 axb5 24.axb5 Re6 25.Rd1 Re5 26.Rc4  1/2-1/2

[Event "Chinese Teams 2013"]
[Site "Wuxi CHN"]
[Date "2013.08.04"]
[Round "9.1"]
[White "Ni Hua"]
[Black "Liu,Chang"]
[Result "1-0"]
[WhiteElo "2671"]
[BlackElo "2364"]

1.e4 d6 2.d4 g6 3.Nc3 Bg7 4.f4 Nf6 5.Bd3 O-O 6.Nf3 Nc6 7.e5 dxe5 8.fxe5 Nh5
9.Ne2 Bg4 10.c3 Kh8 11.O-O f6 12.exf6 exf6 13.h3 Bxf3 14.Rxf3 f5 15.Qb3 Rb8
16.Nf4 Nxf4 17.Bxf4 Re8 18.Re3 Rxe3 19.Bxe3 Ne7 20.Bc4 Nc8 21.Re1 g5 22.Bxg5  1-0

[Event "Chinese Teams 2013"]
[Site "Wuxi CHN"]
[Date "2013.08.05"]
[Round "10.6"]
[White "Ni Hua"]
[Black "Xu,Yinglun"]
[Result "1-0"]
[WhiteElo "2671"]
[BlackElo "2333"]

1.e4 c5 2.Nf3 d6 3.d4 cxd4 4.Nxd4 Nf6 5.Nc3 e6 6.Be3 a6 7.Be2 Be7 8.g4 b5
9.g5 Nfd7 10.a3 Bxg5 11.Qd2 Be7 12.O-O-O Bb7 13.Rhg1 g6 14.Bh6 Nc6 15.Bg7 Rg8
16.Nxc6 Bxc6 17.Qh6 Qc7 18.Qxh7 O-O-O 19.Bd4 Ne5 20.Qh3 Qb7 21.Nd5 Kb8 22.Nxe7 Qxe7
23.Qe3 Qb7 24.f3 Rd7 25.b3 f5 26.exf5 exf5 27.Bxe5 dxe5 28.Rxd7 Qxd7 29.Qxe5+ Kb7
30.Rd1 Qe8 31.Qf6 Rf8 32.Qg7+ Qf7 33.Qxf7+ Rxf7 34.Rd4 Kc7 35.h4 Re7 36.Kd2 Re5
37.Rd3 Re8 38.Rd4 Re7 39.c4 bxc4 40.Rxc4 a5 41.Rd4 Re5 42.b4 axb4 43.axb4 Re7
44.b5 Be8 45.Rd3 Re5 46.f4 Re7  1-0